| 000 | 00636nam a2200205Ia 4500 | ||
|---|---|---|---|
| 001 | 11484 | ||
| 003 | GE_BSU | ||
| 008 | 181216s||||||||xx |||||||||||||| ||und|| | ||
| 040 | _cGE_BSU | ||
| 100 | _aგოგელია,ე.ფ; კვარაცხელია,ლ.ა; ღვინეფაძე,შ.კ. | ||
| 245 | _aმეაბრეშუმეობა | ||
| 245 | _cრედ:ლ.კალანდაძე. | ||
| 260 | _aთბილისი | ||
| 260 | _bცოდნა | ||
| 260 | _c1961 | ||
| 300 | _a267გვ;22სმ. | ||
| 300 | _bილ. | ||
| 653 | _aმეაბრეშუმეობა | ||
| 942 | _cBK | ||
| 999 |
_c44680 _d44680 |
||